000 00339nam a2200157Ia 4500
003 OSt
005 20231107065800.0
008 170524s9999 xx 000 0 und d
020 _a8171546803
040 _cIIMT
100 _aKapoor-Sanjeev
245 0 _aKhana Khajana
260 _bPopular Prakashan
260 _c2003
942 _2ddc
_c02
999 _c6601
_d6601